[Event "Klaipeda Sea op-A 10th"]
[Site "Klaipeda"]
[Date "2013.07.24"]
[Round "3"]
[White "Rumiancev, Boris"]
[Black "Norkunas, Domas"]
[Result "0-1"]
[WhiteElo "2065"]
[BlackElo "1806"]
[PlyCount "72"]
[EventDate "2013.07.22"]
[EventType "swiss"]
[EventRounds "7"]
[EventCountry "LTU"]
[SourceTitle "CBM 155 Extra"]
[Source "ChessBase"]
[SourceDate "2013.08.26"]
[SourceVersion "1"]
[SourceVersionDate "2013.08.26"]
[SourceQuality "1"]

1. d4 Nf6 2. c4 e6 3. g3 d5 4. Nf3 Be7 5. Bg2 0-0 6. Qc2 Ne4 7. 0-0 Nd7 8. b3 f5 9. cxd5 exd5 10. Nc3 Ndf6 11. Bf4 c6 12. Na4 Bd7 13. Ne5 Be8 14. f3 Nd6 15. Nc5 Qc8 16. a4 Nf7 17. Bh3 Nxe5 18. Bxe5 Bg6 19. a5 Nd7 20. Nxd7 Qxd7 21. e4 Rf7 22. a6 b6 23. f4 Rd8 24. exd5 c5 25. d6 Bxd6 26. Bg2 Re7 27. d5 Bxe5 28. fxe5 Rxe5 29. Qc3 Rde8 30. Rfe1 Qe7 31. Rxe5 Qxe5 32. Qxe5 Rxe5 33. Rd1 Bf7 34. d6 Re8 35. Bd5 Bxd5 36. Rxd5 g6 0-1

[Event "Vilnius op 2nd"]
[Site "Vilnius"]
[Date "2012.12.04"]
[Round "4"]
[White "Rumiancev, Boris"]
[Black "Gerasimowisz, Stanislaw"]
[Result "0-1"]
[WhiteElo "2105"]
[BlackElo "1854"]
[PlyCount "76"]
[EventDate "2012.12.01"]
[EventType "swiss"]
[EventRounds "9"]
[EventCountry "LTU"]
[SourceTitle "EXT 2022"]
[Source "ChessBase"]
[SourceDate "2021.10.06"]
[SourceVersion "1"]
[SourceVersionDate "2021.10.06"]
[SourceQuality "1"]

1. d4 Nf6 2. c4 c5 3. d5 b5 4. cxb5 a6 5. bxa6 Bxa6 6. Nc3 d6 7. Nf3 g6 8. g3 Bg7 9. Bh3 0-0 10. 0-0 Nbd7 11. Qc2 Nb6 12. Rd1 Bc8 13. Bxc8 Qxc8 14. Kg2 Qb7 15. e4 Ng4 16. h3 Ne5 17. Nxe5 Bxe5 18. Bh6 Rfc8 19. a4 c4 20. Be3 Nd7 21. Bd4 Bxd4 22. Rxd4 Ne5 23. Nb5 Rc5 24. Ra3 Rac8 25. Qc3 f5 26. Qe3 Rf8 27. f4 Nd3 28. Raxd3 cxd3 29. Qxd3 fxe4 30. Qxe4 Rf5 31. b4 Rc1 32. g4 Rf8 33. Qe6+ Kg7 34. Re4 Rf7 35. f5 Qb6 36. Rd4 Qa6 37. Qe3 Rc2+ 38. Kg3 Qxa4 0-1

[Event "EU-ch Seniors 12th"]
[Site "Kaunas"]
[Date "2012.08.24"]
[Round "7"]
[White "Rumiancev, Boris"]
[Black "Jorgensen, Arne Bjorn"]
[Result "1/2-1/2"]
[WhiteElo "2157"]
[BlackElo "1983"]
[PlyCount "69"]
[EventDate "2012.08.18"]
[EventType "swiss"]
[EventRounds "9"]
[EventCountry "LTU"]
[SourceTitle "CBM 150 Extra"]
[Source "ChessBase"]
[SourceDate "2012.10.19"]
[SourceVersion "1"]
[SourceVersionDate "2012.10.19"]
[SourceQuality "1"]

1. d4 Nf6 2. c4 g6 3. Nc3 Bg7 4. e4 d6 5. f3 0-0 6. Bg5 b6 7. Qd2 Nbd7 8. Bh6 e5 9. Bxg7 Kxg7 10. Nge2 h5 11. 0-0-0 a5 12. dxe5 dxe5 13. Nb5 Ba6 14. Nec3 Bxb5 15. cxb5 Nc5 16. Qg5 Qe7 17. Bc4 Rad8 18. Qe3 Rfe8 19. Rxd8 Rxd8 20. Rd1 Rxd1+ 21. Kxd1 Ne6 22. Bxe6 Qxe6 23. Qd3 Qe7 24. Qc4 Qd6+ 25. Kc2 Qd8 26. Qc6 Qe7 27. a3 Qd7 28. Qc4 Qd6 29. Nd1 Qd7 30. Ne3 Qd6 31. Qd3 Qc5+ 32. Kd2 Qe7 33. Qc3 Qd7+ 34. Ke2 Qxb5+ 35. Ke1 1/2-1/2

[Event "EU-ch Seniors 12th"]
[Site "Kaunas"]
[Date "2012.08.20"]
[Round "3"]
[White "Masich, Vladimir"]
[Black "Rumiancev, Boris"]
[Result "0-1"]
[WhiteElo "1947"]
[BlackElo "2157"]
[PlyCount "44"]
[EventDate "2012.08.18"]
[EventType "swiss"]
[EventRounds "9"]
[EventCountry "LTU"]
[SourceTitle "CBM 150 Extra"]
[Source "ChessBase"]
[SourceDate "2012.10.19"]
[SourceVersion "1"]
[SourceVersionDate "2012.10.19"]
[SourceQuality "1"]

1. d4 c5 2. c3 e6 3. Nf3 d5 4. e3 Nc6 5. dxc5 Bxc5 6. Nbd2 Nf6 7. Nb3 Bb6 8. c4 0-0 9. cxd5 exd5 10. Be2 Qe7 11. 0-0 Bg4 12. Re1 Rfe8 13. Bd2 Ne4 14. Bc3 Nxf2 15. Kxf2 Qxe3+ 16. Kg3 h5 17. Bd4 Bc7+ 18. Kh4 Qe7+ 19. Ng5 Bf4 20. Bxg4 Qxg5+ 21. Kh3 Rxe1 22. Qf3 hxg4+ 0-1

[Event "EU-ch Seniors 12th"]
[Site "Kaunas"]
[Date "2012.08.19"]
[Round "2"]
[White "Rumiancev, Boris"]
[Black "Bogdanov, Valentin"]
[Result "0-1"]
[WhiteElo "2157"]
[BlackElo "2374"]
[PlyCount "78"]
[EventDate "2012.08.18"]
[EventType "swiss"]
[EventRounds "9"]
[EventCountry "LTU"]
[SourceTitle "CBM 150 Extra"]
[Source "ChessBase"]
[SourceDate "2012.10.19"]
[SourceVersion "1"]
[SourceVersionDate "2012.10.19"]
[SourceQuality "1"]

1. d4 Nf6 2. c4 g6 3. Nc3 d5 4. Nf3 Bg7 5. Qb3 dxc4 6. Qxc4 0-0 7. e4 Na6 8. Be2 c5 9. d5 e6 10. 0-0 exd5 11. exd5 Re8 12. Rd1 Bf5 13. Be3 Ne4 14. Bd3 Nd6 15. Qa4 Bxd3 16. Rxd3 Qb6 17. Rd2 Qb4 18. Qxb4 cxb4 19. Nd1 Nc4 20. Rc2 Nxe3 21. Nxe3 b6 22. Rac1 Rad8 23. Kf1 Bh6 24. Rd1 Bxe3 25. fxe3 Rxe3 26. Re2 Rxe2 27. Kxe2 Nc5 28. Rd4 f6 29. Kd2 Kf7 30. Kc2 Re8 31. Kd1 Rd8 32. Kc2 Rc8 33. Kd1 b3 34. a4 Ke7 35. Nd2 Kd7 36. Ke2 Re8+ 37. Kd1 f5 38. g4 fxg4 39. Rxg4 Nd3 0-1

[Event "Panevezys op-A"]
[Site "Panevezys"]
[Date "2008.08.13"]
[Round "3"]
[White "Stalemekas, Ernestas"]
[Black "Rumiancev, Boris"]
[Result "0-1"]
[WhiteElo "2151"]
[BlackElo "2153"]
[PlyCount "116"]
[EventDate "2008.08.12"]
[EventType "swiss"]
[EventRounds "9"]
[EventCountry "LTU"]
[SourceTitle "CBM 125 Extra"]
[Source "ChessBase"]
[SourceDate "2008.09.01"]
[SourceVersion "1"]
[SourceVersionDate "2008.09.01"]
[SourceQuality "1"]

1. d4 c5 2. d5 e5 3. e4 d6 4. Bd3 Nf6 5. c4 Be7 6. Nc3 0-0 7. h3 Na6 8. a3 Nc7 9. f4 Nd7 10. Nf3 Bh4+ 11. Kf1 exf4 12. Bxf4 Be7 13. Qc2 f6 14. e5 fxe5 15. Bxh7+ Kh8 16. Be3 Bg5 17. Ke2 Bxe3 18. Kxe3 Qf6 19. Bd3 Qh6+ 20. Ke2 Nf6 21. g4 e4 22. Nxe4 Nxe4 23. Bxe4 Bd7 24. Raf1 Rae8 25. Kd1 Rxe4 26. Qxe4 Ba4+ 27. Ke2 Re8 28. Ne5 Kg8 29. Qf4 Rxe5+ 30. Kf3 Qh4 31. Kg2 Bc2 32. Rh2 Ne8 33. Kg1 Be4 34. Re2 Nf6 35. Rfe1 Rf5 36. Qh2 Rf3 37. Rxe4 Rg3+ 38. Kf1 Nxe4 39. Rxe4 Rxh3 40. Qf4 Rh1+ 41. Ke2 Qe1+ 42. Kd3 Qd1+ 43. Kc3 Rh3+ 44. Re3 Rxe3+ 45. Qxe3 Qxg4 46. b4 b6 47. bxc5 bxc5 48. Qe7 Qg3+ 49. Kc2 g5 50. Qxa7 Qf4 51. Qb8+ Kg7 52. Qc7+ Kg6 53. Kb3 g4 54. Qe7 g3 55. Qe8+ Kg5 56. Qg8+ Kh4 57. Qh7+ Kg4 58. Qg6+ Kf3 0-1

[Event "Panevezys op-A"]
[Site "Panevezys"]
[Date "2008.08.12"]
[Round "1"]
[White "Silkus, Algirdas"]
[Black "Rumiancev, Boris"]
[Result "0-1"]
[WhiteElo "1897"]
[BlackElo "2153"]
[PlyCount "126"]
[EventDate "2008.08.12"]
[EventType "swiss"]
[EventRounds "9"]
[EventCountry "LTU"]
[SourceTitle "CBM 125 Extra"]
[Source "ChessBase"]
[SourceDate "2008.09.01"]
[SourceVersion "1"]
[SourceVersionDate "2008.09.01"]
[SourceQuality "1"]

1. e4 e6 2. d4 d5 3. Nd2 Nf6 4. Bd3 c5 5. e5 Nfd7 6. c3 Nc6 7. Ne2 cxd4 8. cxd4 Qb6 9. Nf3 Bb4+ 10. Bd2 Bxd2+ 11. Qxd2 Qb4 12. Rc1 Qxd2+ 13. Nxd2 0-0 14. 0-0 f5 15. f4 Nb6 16. Nb3 Nb4 17. Bb1 Nc4 18. a3 Nc6 19. Bd3 Nxb2 20. Bb5 a6 21. Bxc6 bxc6 22. Rxc6 Bd7 23. Rc2 Nc4 24. Nc5 Ra7 25. Rc3 Rb8 26. Nxd7 Rxd7 27. Nc1 Rdb7 28. Nd3 Rb1 29. Nc5 Kf7 30. Nxa6 Rxf1+ 31. Kxf1 Rb2 32. Nc5 Ra2 33. a4 Nd2+ 34. Ke1 Nc4 35. Nb7 Rxa4 36. Nd6+ Ke7 37. Nxc4 dxc4 38. Rg3 g6 39. Kd2 Kd7 40. Rh3 h5 41. Rg3 Kc6 42. Rxg6 Kd5 43. Rg8 Ra2+ 44. Kc3 Ra3+ 45. Kb2 Rb3+ 46. Kc2 Kxd4 47. Rd8+ Ke4 48. g3 Ra3 49. Rd6 Ra2+ 50. Kc3 Rxh2 51. Rxe6 h4 52. Rg6 hxg3 53. Rxg3 Kxf4 54. Rg8 Kxe5 55. Kxc4 Rd2 56. Kc3 Rd7 57. Rg2 Ke4 58. Re2+ Kf3 59. Rh2 f4 60. Rh6 Kf2 61. Rh2+ Kg3 62. Rh6 f3 63. Rg6+ Kh3 0-1

[Event "Baltija Cup op 5th"]
[Site "Palanga"]
[Date "2008.06.19"]
[Round "7"]
[White "Baltrunas, Arvydas"]
[Black "Rumiancev, Boris"]
[Result "1/2-1/2"]
[WhiteElo "2068"]
[BlackElo "2153"]
[PlyCount "21"]
[EventDate "2008.06.16"]
[EventType "swiss"]
[EventRounds "8"]
[EventCountry "LTU"]
[SourceTitle "EXT 2022"]
[Source "ChessBase"]
[SourceDate "2021.10.06"]
[SourceVersion "1"]
[SourceVersionDate "2021.10.06"]
[SourceQuality "1"]

1. d4 d5 2. c4 e6 3. Nc3 Nf6 4. Bg5 Be7 5. e3 0-0 6. Nf3 Nbd7 7. cxd5 exd5 8. Bd3 c6 9. 0-0 Ne4 10. Bxe7 Qxe7 11. Rc1 1/2-1/2

[Event "Baltija Cup op 5th"]
[Site "Palanga"]
[Date "2008.06.18"]
[Round "4"]
[White "Rumiancev, Boris"]
[Black "Bazevicius, Albertas"]
[Result "1-0"]
[WhiteElo "2153"]
[BlackElo "1897"]
[PlyCount "77"]
[EventDate "2008.06.16"]
[EventType "swiss"]
[EventRounds "8"]
[EventCountry "LTU"]
[SourceTitle "EXT 2022"]
[Source "ChessBase"]
[SourceDate "2021.10.06"]
[SourceVersion "1"]
[SourceVersionDate "2021.10.06"]
[SourceQuality "1"]

1. d4 d5 2. c4 c6 3. Nc3 e6 4. e3 Nd7 5. Nf3 f5 6. Bd3 Bd6 7. cxd5 cxd5 8. 0-0 Ngf6 9. Nb5 Bb8 10. a4 0-0 11. b3 a6 12. Nc3 Ne4 13. Ne2 g5 14. Bb2 g4 15. Ne5 Nxe5 16. dxe5 Qg5 17. Nf4 Rf7 18. Rc1 Bd7 19. Bd4 h5 20. Kh1 Qh6 21. Qe2 h4 22. Rc2 Qh8 23. Rfc1 Qh6 24. Qe1 g3 25. Bxe4 gxf2 26. Rxf2 dxe4 27. Qb4 Bc6 28. Rfc2 a5 29. Qc4 Re7 30. Qe2 Ra6 31. Qe1 Bc7 32. Qc3 Re8 33. Rg1 Kf7 34. g4 Rg8 35. gxf5 Rxg1+ 36. Kxg1 exf5 37. Qc4+ Ke8 38. Rg2 Kd8 39. Ne6+ 1-0

[Event "Baltija Cup op 5th"]
[Site "Palanga"]
[Date "2008.06.17"]
[Round "2"]
[White "Rumiancev, Boris"]
[Black "Rimeikis, Andrius"]
[Result "0-1"]
[WhiteElo "2153"]
[BlackElo "1955"]
[PlyCount "30"]
[EventDate "2008.06.16"]
[EventType "swiss"]
[EventRounds "8"]
[EventCountry "LTU"]
[SourceTitle "EXT 2022"]
[Source "ChessBase"]
[SourceDate "2021.10.06"]
[SourceVersion "1"]
[SourceVersionDate "2021.10.06"]
[SourceQuality "1"]

1. d4 Nf6 2. c4 e6 3. Nc3 d5 4. Bg5 Be7 5. e3 Nbd7 6. Nf3 0-0 7. Bd3 dxc4 8. Bxc4 a6 9. a4 c5 10. 0-0 cxd4 11. exd4 Nb6 12. Bb3 Bd7 13. Ne5 Bc6 14. a5 Nbd5 15. Nc4 Nxc3 0-1

[Event "LTU-chT2 0708"]
[Site "Lithuania"]
[Date "2007.11.11"]
[Round "3.13"]
[White "Sakinis, Robertas"]
[Black "Rumiancev, Boris"]
[Result "1/2-1/2"]
[WhiteElo "2040"]
[BlackElo "2232"]
[PlyCount "146"]
[EventDate "2007.09.27"]
[EventType "team-tourn"]
[EventRounds "9"]
[EventCountry "LTU"]
[SourceTitle "EXT 2022"]
[Source "ChessBase"]
[SourceDate "2021.10.06"]
[SourceVersion "1"]
[SourceVersionDate "2021.10.06"]
[SourceQuality "1"]

1. e4 e6 2. b3 d5 3. Bb2 dxe4 4. Nc3 Nf6 5. Qe2 Nbd7 6. g4 h6 7. h3 Be7 8. Bg2 c6 9. 0-0-0 Qa5 10. Kb1 Nc5 11. Nxe4 Ncxe4 12. Bxe4 Nxe4 13. Qxe4 Bf6 14. d4 Qd5 15. f3 h5 16. Ne2 Qxe4 17. fxe4 Bd7 18. Ng3 hxg4 19. hxg4 g6 20. e5 Bg7 21. Rxh8+ Bxh8 22. Ne4 Kf8 23. Rf1 Be8 24. Nc5 b6 25. Nxe6+ Kg8 26. Ng5 a5 27. c4 a4 28. b4 Bg7 29. d5 cxd5 30. cxd5 a3 31. Bc3 Rc8 32. Ne4 Bb5 33. Rf3 Be2 34. Re3 Bxg4 35. Nf6+ Bxf6 36. exf6 Kh7 37. Kc2 g5 38. Kb3 Bd1+ 39. Kxa3 g4 40. Kb2 Kg6 41. d6 Ba4 42. a3 Rc6 43. Rd3 Rc8 44. Bd4 Rb8 45. Be5 Rd8 46. Rd4 Kf5 47. Bg3 Rc8 48. b5 Bxb5 49. Rd5+ Kxf6 50. Rxb5 Ke6 51. Rxb6 f5 52. Rb7 Rd8 53. Re7+ Kd5 54. Re1 Kc6 55. Rc1+ Kd5 56. Kc3 Ra8 57. Kd2 Ke6 58. Rc3 Ra4 59. Rd3 Kd7 60. Ke3 Re4+ 61. Kf2 f4 62. Bh4 Rc4 63. Bg5 Rc2+ 64. Kf1 Rc1+ 65. Kf2 Rc2+ 66. Kf1 Rc1+ 67. Ke2 Rc2+ 68. Kd1 Rc4 69. Kd2 g3 70. Bxf4 Rxf4 71. Rxg3 Kxd6 72. Rc3 Rf5 73. Kc2 Rc5 1/2-1/2

[Event "Plunge op"]
[Site "Plunge"]
[Date "2007.07.19"]
[Round "6"]
[White "Sarakauskiene, Zivile"]
[Black "Rumiancev, Boris"]
[Result "1-0"]
[WhiteElo "2176"]
[BlackElo "2232"]
[PlyCount "103"]
[EventDate "2007.07.16"]
[EventType "swiss"]
[EventRounds "9"]
[EventCountry "LTU"]
[SourceTitle "EXT 2010"]
[Source "ChessBase"]
[SourceDate "2010.11.25"]
[SourceVersion "1"]
[SourceVersionDate "2010.11.25"]
[SourceQuality "1"]

1. e4 e6 2. d4 d5 3. Nd2 Nf6 4. e5 Nfd7 5. Bd3 c5 6. c3 Nc6 7. Ne2 cxd4 8. cxd4 Nb6 9. 0-0 Bd7 10. Nf3 Be7 11. Bf4 Nb4 12. Bb1 a5 13. a3 Na6 14. Bd3 h6 15. Nc3 Nc7 16. Nd2 Bc6 17. Qg4 Bf8 18. Be3 Qd7 19. Nb3 Nc4 20. Qe2 a4 21. Nc1 b5 22. f4 Nxe3 23. Qxe3 g6 24. N1a2 Be7 25. Rac1 Na6 26. Qe2 Nc7 27. Rc2 Rb8 28. Rfc1 0-0 29. Nxa4 bxa4 30. Rxc6 Rb7 31. Qc2 Bd8 32. Nb4 Na8 33. Bxg6 fxg6 34. Qxg6+ Qg7 35. Qxe6+ Kh7 36. Qxd5 Rc7 37. Qe4+ Kh8 38. R1c3 Rxc6 39. Nxc6 Bb6 40. e6 Qh7 41. e7 Re8 42. f5 Bc7 43. Rh3 Nb6 44. g3 Qg7 45. Rh4 Nd7 46. Rg4 Nf6 47. Rxg7 Nxe4 48. Rg4 Nd6 49. f6 Bb6 50. Kg2 Bc7 51. Ne5 Rb8 52. Rg7 1-0

[Event "Baltija Cup op 4th"]
[Site "Palanga"]
[Date "2007.06.19"]
[Round "7"]
[White "Vaitonis, Vytautas"]
[Black "Rumiancev, Boris"]
[Result "1-0"]
[WhiteElo "2117"]
[BlackElo "2232"]
[PlyCount "112"]
[EventDate "2007.06.16"]
[EventType "swiss"]
[EventRounds "8"]
[EventCountry "LTU"]
[SourceTitle "EXT 2022"]
[Source "ChessBase"]
[SourceDate "2021.10.06"]
[SourceVersion "1"]
[SourceVersionDate "2021.10.06"]
[SourceQuality "1"]

1. c4 Nf6 2. Nc3 c5 3. Nf3 b6 4. g3 Bb7 5. Bg2 e6 6. 0-0 Be7 7. d4 cxd4 8. Qxd4 d6 9. b3 Nbd7 10. Bb2 a6 11. Rfd1 Qc7 12. Rac1 0-0 13. h3 Rfd8 14. e4 Rac8 15. Qe3 Qb8 16. Nd4 Qa8 17. Kh2 Nc5 18. f3 Re8 19. Qf2 Bd8 20. Nc2 Bc7 21. b4 Ncd7 22. Ne3 Bb8 23. a3 Red8 24. Rd4 Nf8 25. Rcd1 Bc7 26. R4d2 Ng6 27. Qe1 Bc6 28. Ne2 Nd7 29. Nc3 Bb7 30. f4 Nf6 31. Ng4 Ne8 32. Ne3 h5 33. h4 Nf6 34. Qh1 Ne7 35. Re2 Kf8 36. Rf1 Neg8 37. f5 Ke7 38. fxe6 fxe6 39. e5 Bxg2 40. exf6+ Nxf6 41. Qxg2 Qxg2+ 42. Kxg2 Kd7 43. Nc2 Rf8 44. Ne4 Nxe4 45. Rxf8 Rxf8 46. Rxe4 g6 47. Rf4 Rf5 48. Nd4 Rxf4 49. gxf4 e5 50. Ne2 Ke6 51. Kf3 Bd8 52. fxe5 dxe5 53. Ke4 Bf6 54. Bc3 Bxh4 55. Bxe5 g5 56. Nd4+ Ke7 1-0

[Event "LTU-ch"]
[Site "Vilnius"]
[Date "2000.04.02"]
[Round "9"]
[White "Godlauskas, Kazys"]
[Black "Rumiancev, Boris"]
[Result "1-0"]
[WhiteElo "2225"]
[BlackElo "2284"]
[PlyCount "159"]
[EventDate "2000.03.25"]
[EventType "swiss"]
[EventRounds "9"]
[EventCountry "LTU"]
[SourceTitle "CBM 075 Extra"]
[Source "ChessBase"]
[SourceDate "2000.05.11"]
[SourceVersion "2"]
[SourceVersionDate "2000.05.11"]
[SourceQuality "1"]

1. e4 e6 2. d4 d5 3. Nd2 Nf6 4. e5 Nfd7 5. c3 c5 6. Bd3 Nc6 7. Ne2 cxd4 8. cxd4 f6 9. exf6 Nxf6 10. Nf3 Bd6 11. Bf4 0-0 12. 0-0 Qc7 13. Qc1 Bd7 14. Bb5 Rac8 15. Bxc6 Bxc6 16. Qe3 Ne4 17. Bxd6 Qxd6 18. Ng3 Nxg3 19. hxg3 Bd7 20. Rac1 Rfe8 21. Ne5 Bb5 22. Rxc8 Rxc8 23. Rc1 Rxc1+ 24. Qxc1 Qd8 25. Qc5 a6 26. b3 b6 27. Qc1 a5 28. Qc3 Bd7 29. g4 Qc8 30. Qd2 Be8 31. Kh2 Qc7 32. Kh3 Bb5 33. f3 Be8 34. g5 Bg6 35. Qf4 Be8 36. Ng6 Qxf4 37. Nxf4 Kf7 38. Kg4 Ke7 39. a3 Kd6 40. Nd3 Bg6 41. Ne5 Bc2 42. b4 axb4 43. axb4 Bb1 44. Kf4 Bc2 45. Ke3 Ba4 46. Kf4 Bc2 47. g3 Bb1 48. Ke3 Bc2 49. Kd2 Ba4 50. Kd3 Bb5+ 51. Ke3 Ba4 52. g6 hxg6 53. Nxg6 Be8 54. Ne5 Ke7 55. Kf4 Ba4 56. Kg5 Bc2 57. g4 Kd6 58. f4 Ke7 59. f5 exf5 60. gxf5 Kd6 61. Kg6 Be4 62. b5 Ke7 63. Nc6+ Kd7 64. Ne5+ Ke7 65. Ng4 Kf8 66. Ne3 Kg8 67. Nd1 Kf8 68. Nc3 Bd3 69. Nxd5 Bxb5 70. Nxb6 Be8+ 71. Kg5 Ke7 72. Nc4 Bf7 73. Ne5 Be8 74. Kf4 Ba4 75. Nc4 Kf6 76. Ne3 Bd7 77. Ng4+ Ke7 78. Ke5 Ba4 79. Ne3 Bb3 80. Nd5+ 1-0

[Event "LTU-ch"]
[Site "Vilnius"]
[Date "1995.??.??"]
[Round "4"]
[White "Rumiancev, Boris"]
[Black "Samulevicius, Tomas"]
[Result "1-0"]
[WhiteElo "2285"]
[BlackElo "2110"]
[PlyCount "91"]
[EventDate "1995.??.??"]
[EventType "swiss"]
[EventRounds "9"]
[EventCountry "LTU"]
[SourceTitle "CBM 049 Extra"]
[Source "ChessBase"]
[SourceDate "1996.01.01"]
[SourceVersion "1"]
[SourceVersionDate "1996.01.01"]
[SourceQuality "1"]

1. d4 Nf6 2. c4 e6 3. Nc3 Bb4 4. Qc2 d6 5. Bg5 Nbd7 6. Nf3 b6 7. a3 Bxc3+ 8. Qxc3 Bb7 9. e3 h6 10. Bh4 g5 11. Bg3 Ne4 12. Qc2 h5 13. Bd3 f5 14. h4 g4 15. Ng1 Qf6 16. 0-0-0 Nxg3 17. fxg3 0-0-0 18. Qf2 Be4 19. Bxe4 fxe4 20. Qxf6 Nxf6 21. Ne2 Kd7 22. Rdf1 Ke7 23. Rf2 c6 24. Rhf1 Rdf8 25. Kd2 d5 26. b3 Rh6 27. cxd5 cxd5 28. Rc1 Kd6 29. Rc3 Nd7 30. Rxf8 Nxf8 31. Rc8 Ng6 32. Rd8+ Kc6 33. Re8 Kd6 34. Nc3 a6 35. Ra8 Kc6 36. Rc8+ Kd7 37. Ra8 Kc6 38. Ra7 a5 39. a4 Nf8 40. Rf7 Nd7 41. Ke2 Rh8 42. Nb5 Rh6 43. Re7 Rf6 44. Rh7 Rf5 45. Ke1 e5 46. Ke2 1-0

[Event "LTU-ch"]
[Site "Vilnius"]
[Date "1995.??.??"]
[Round "9"]
[White "Sarakauskas, Gediminas"]
[Black "Rumiancev, Boris"]
[Result "0-1"]
[WhiteElo "2160"]
[BlackElo "2285"]
[PlyCount "110"]
[EventDate "1995.??.??"]
[EventType "swiss"]
[EventRounds "9"]
[EventCountry "LTU"]
[SourceTitle "CBM 049 Extra"]
[Source "ChessBase"]
[SourceDate "1996.01.01"]
[SourceVersion "1"]
[SourceVersionDate "1996.01.01"]
[SourceQuality "1"]

1. e4 e6 2. d4 d5 3. Nc3 Nf6 4. Bg5 Be7 5. Bxf6 Bxf6 6. e5 Be7 7. Qg4 0-0 8. 0-0-0 f5 9. exf6 Bxf6 10. Bd3 Nc6 11. Nf3 Nb4 12. Ne5 Bxe5 13. dxe5 Qe7 14. f4 Bd7 15. a3 Nxd3+ 16. Rxd3 c5 17. Rhd1 Bc6 18. Ne2 Bb5 19. R3d2 Bxe2 20. Rxe2 Rad8 21. Red2 b5 22. g3 a5 23. Qe2 c4 24. Qe3 Rc8 25. Qb6 b4 26. a4 c3 27. Rf2 cxb2+ 28. Kxb2 Rc5 29. g4 Rfc8 30. Rd3 Qe8 31. Rb3 R8c6 32. Qa7 Qc8 33. c3 Ra6 34. Qe7 Rc7 35. Qg5 Rxc3 36. f5 exf5 37. gxf5 Rxb3+ 38. Kxb3 h6 39. Qd2 Qc4+ 40. Kb2 d4 41. Rf3 Rc6 42. Kb1 Qd5 43. Qe2 Rc3 44. Rxc3 bxc3 45. Qb5 Qe4+ 46. Ka1 Qh1+ 47. Qb1 Qxb1+ 48. Kxb1 d3 49. h4 h5 50. Kc1 Kf8 51. Kd1 Ke7 52. Ke1 Kd7 53. Kd1 Kc6 54. Ke1 Kd5 55. e6 Kd6 0-1